Statistics for All Jupiler pro league winners

Click here to take the quiz!

General Stats

  • This quiz has been taken 176 times
  • The average score is 84 of 120

Answer Stats

AnswerYear% Correct
RSC Anderlecht1947 | 1949 | 1950 | +31 others
100%
KRC Genk1999 | 2002 | 2011 | 2019
97%
Club Brugge KV1920 | 1973 | 1976 | +15 others
95%
KAA Gent2015
94%
Royal Antwerp FC1929 | 1931 | 1944 | +2 others
92%
Standard Luik1958 | 1961 | 1963 | +7 others
92%
KV Mechelen1943 | 1946 | 1948 | 1989
68%
Lierse SK1932 | 1942 | 1960 | 1997
62%
Beerschot AC1922 | 1924 | 1925 | +4 others
57%
Cercle Brugge1911 | 1927 | 1930
52%
RWD Molenbeek1975
45%
KSK Beveren1979 | 1984
31%
RFC Liège1896 | 1898 | 1899 | +2 others
26%
Union Sint-Gillis1904 | 1905 | 1906 | +8 others
10%
Racing Club Brussel1897 | 1900 | 1901 | +3 others
6%
Daring Club Bruxelles1912 | 1914 | 1921 | +2 others
3%

Score Distribution

Percentile by Number Answered

Percent of People with Each Score

Your Score History

You have not taken this quiz